Rainiest States - Statistics

General Stats
  • This quiz has been taken 83 times
  • The average score is 8 of 10
Answer Stats
Hint Answer % Correct
54.7 in Florida
100%
56.0 in Alabama
91%
50.2 in Georgia
90%
59.1 in Louisiana
87%
56.4 in Mississippi
87%
50.3 in Hawaii
84%
51.8 in Tennessee
80%
49.7 in Arkansas
77%
49.9 in Rhode Island
41%
50.0 in Connecticut
37%
No matching quizzes found
Score Distribution
Percent of People with Each Score
Percentile by Number Answered
Your Score History
You have not taken this quiz